000 00651nam a22001577a 4500
003 OSt
005 20150923133056.0
008 150923b xxu||||| |||| 00| 0 eng d
040 _cRUA
082 _aAGR OUM 2007 B048 Or.1
100 _91180
_aOUM SOPHANN
245 _aSTUDY ON NEMATODE ON RICE AND VETABLES IN ANGKOR CHEY DISTRICT,KAMPOT PROVINCE,(សិក្សាវត្តមានណេម៉ាតូតទៅលើដំណាំស្រូវ និងបន្លែ នៅស្រុកអង្គរជ័យ ខេត្តកំពត)
260 _aphnom penh
_bRUA
_c2007
300 _axi, 47p.
_cill.
_g29cm.
942 _2ddc
_cAGR
999 _c1123
_d1123